| 000 | 01159nmc a2200397 a 4500 | ||
|---|---|---|---|
| 003 | AR-BaBNM | ||
| 005 | 20251128211223.0 | ||
| 008 | 013020s1970 ||||||||||||||000 | spa|| | ||
| 040 | _cAR-BaBNM | ||
| 100 | 1 | _aFritzsche, Cristina E. | |
| 245 | 1 | 0 | _aFundamentos y estructura del jardín de infantes |
| 250 | _a2ª ed. | ||
| 260 |
_aBuenos Aires _bEstrada _c1970 |
||
| 300 |
_a336 p. _btablas |
||
| 490 | 0 | _aBiblioteca de Ciencias de la Educación | |
| 504 | _aContiene referencias bibliográficas p. 331-336 | ||
| 650 | 4 | _aDIDACTICA | |
| 650 | 4 | _aDESARROLLO INTELECTUAL | |
| 650 | 4 | _aDESARROLLO AFECTIVO | |
| 650 | 4 | _aEDUCACION MUSICAL | |
| 650 | 4 | _aJUEGO | |
| 650 | 4 | _aEDUCACION FISICA | |
| 650 | 4 | _aRELACION ESCUELA-COMUNIDAD | |
| 650 | 4 | _aCENTROS DE INTERES | |
| 650 | 4 | _aTECNOLOGIA EDUCATIVA | |
| 650 | 4 | _aROL DEL DOCENTE | |
| 651 | 4 | _aArgentina | |
| 653 | _aEDUCACION INICIAL | ||
| 653 | _aJARDINES DE INFANTES | ||
| 653 | _aORGANIZACION DEL ESPACIO ESCOLAR | ||
| 653 | _aORGANIZACION DEL TIEMPO ESCOLAR | ||
| 700 | 1 | _aSan Martín de Duprat, Hebe | |
| 800 | 1 | _aZanotti, Luis Jorge | |
| 942 | _cBK | ||
| 998 | _craquel | ||
| 999 |
_c18781 _d18781 |
||